Catálogo
 En Linea

Arquitectura del siglo XX en America Latina : (Registro nro. 33708)

Detalles MARC
000 -CABECERA
campo de control de longitud fija 00653nam a2200181 a 4500
001 - NÚMERO DE CONTROL
campo de control 000034217
005 - FECHA Y HORA DE LA ÚLTIMA TRANSACCIÓN
campo de control 20250310185100.0
008 - DATOS DE LONGITUD FIJA--INFORMACIÓN GENERAL
campo de control de longitud fija 110928s1990 dr 000 0 spa d
040 ## - FUENTE DE LA CATALOGACIÓN
Centro catalogador/agencia de origen DO-SdBNP
Lengua de catalogación spa
Centro/agencia transcriptor BNPHU
082 ## - NÚMERO DE LA CLASIFICACIÓN DECIMAL DEWEY
Número de clasificación xxxx
Número de documento/Ítem S455
049 ## - FONDOS LOCALES (OCLC)
Fondos de biblioteca BNPD
111 2# - ENTRADA PRINCIPAL--NOMBRE DE CONGRESO/REUNIÓN
Nombre de congreso/reunión o jurisdicción como elemento de entrada Bienal de Arquitectura
Número del congreso/reunión o número de parte o sección (3a
Fecha del congreso/reunión 1990
Sede del congreso/Lugar de la reunión Santo Domingo)
9 (RLIN) 59636
245 10 - MENCIÓN DE TÍTULO
Título Arquitectura del siglo XX en America Latina :
Resto del título (notas preliminares) /
Mención de responsabilidad, etc. Roberto Segre ; editor Emilio J. Brea G.
260 ## - PUBLICACIÓN, DISTRIBUCIÓN, ETC.
Lugar de publicación, distribución, etc. Santo Domingo :
Nombre del editor, distribuidor, etc. Mograf, Taller Gráfico,
Fecha de publicación, distribución, etc. 1990.
300 ## - DESCRIPCIÓN FÍSICA
Extensión 68 p. :
Otras características físicas ils., retr. ;
Dimensiones 28 cm.
700 1# - PUNTO DE ACCESO ADICIONAL--NOMBRE DE PERSONA
Nombre de persona Segre, Roberto
Fechas asociadas al nombre 1934-2013
9 (RLIN) 59637
700 1# - PUNTO DE ACCESO ADICIONAL--NOMBRE DE PERSONA
Nombre de persona Brea G., Emilio J.
Término indicativo de función/relación ed.
9 (RLIN) 59638
Existencias
Estado de retiro Estado de pérdida No para préstamo Código de colección Localización permanente Ubicación/localización actual Ubicación en estantería Fecha de adquisición Número de inventario Total de préstamos Signatura topográfica completa Código de barras Fecha visto por última vez Precio válido a partir de Tipo de ítem Koha
    Excluido de préstamo Patrimonio Dominicano Patrimonio Dominicano Patrimonio Dominicano En catalogación 28.09.2011 LF1   xxxx S455 34217-10 25.06.2020 25.06.2020 Libro y Folleto Colección Patrimonio Dominicano

Con tecnología Koha